000
00327nam a2200145Ia 4500
008
230718s9999 xx 000 0 und d
041
_a
Eng.
082
_a
34307
_b
AHM-B
100
_a
Ahmad, Mian Rauf
245
0
_a
Bussiness Laws
260
_a
Pakistan
_b
Azeem Academy
_c
2001
300
_a
344
650
_a
Law
999
_c
28642
_d
28642